Music Quiz

Random Music or Song Quiz

'Maggie May' Lyrics Quiz Stats

 Plays Quiz Updated Oct 8, 2015

Challenge
Share
Tweet
Embed
Score 0/297 Timer 08:00
0 Plays Today
% Correct
Oh, Maggie,
99.1%
Oh, Maggie,
99.1%
Oh, Maggie,
99%
Oh, Maggie,
99%
I
98.9%
I
98.9%
I
98.9%
I
98.9%
I
98.9%
I
98.9%
I
98.9%
I
98.9%
I
98.9%
I
98.9%
I
98.9%
I
98.9%
I
98.9%
I
98.9%
I
98.9%
I
98.9%
I
98.9%
I
98.9%
I
98.9%
Maggie,
98.1%
Maggie,
98.1%
you.
97.8%
you
97.8%
You
97.8%
you
97.8%
You
97.8%
you
97.8%
You
97.8%
you
97.8%
You
97.8%
you
97.8%
you
97.8%
you
97.8%
You
97.8%
you
97.8%
You
97.8%
you
97.8%
You
97.8%
You
97.8%
you
97.8%
a
96.9%
a
96.9%
a
96.9%
a
96.9%
a
96.9%
a
96.9%
a
96.9%
a
96.9%
a
96.9%
a
96.9%
to
96.1%
to
96.1%
to
96.1%
to
96.1%
to
96.1%
to
96.1%
to
96.1%
to
96.1%
and
93.3%
and
93.3%
and
93.3%
and
93.3%
and
93.3%
and
93.3%
and
93.3%
and
93.3%
be
93%
be
93%
be.
93%
I
92%
say
89.5%
somethin'
88.2%
me
87.7%
me
87.7%
me
87.7%
me
87.7%
me
87.7%
me
87.7%
me,
87.7%
should
87.5%
at
87.2%
at
87.2%
got
86.8%
think
86.5%
school.
86.4%
school,
86.4%
back
86.3%
back
86.3%
back
86.3%
up,
86.1%
really
85.9%
really
85.9%
really
85.9%
It's
85.8%
it's
85.8%
% Correct
Wake
84.9%
my
83.9%
my
83.9%
My
83.9%
my
83.9%
my
83.9%
my
83.9%
my
83.9%
my
83.9%
my
83.9%
your
83.5%
your
83.5%
your
83.5%
your
83.5%
your
83.5%
in
83.1%
in
83.1%
in
83.1%
in
83.1%
late
81.7%
love
81.7%
love
81.7%
The
81.3%
the
81.3%
the
81.3%
September
80.6%
have
80.5%
have
80.5%
have
80.5%
of
79.6%
of
79.6%
of
79.6%
of
79.6%
could
77.7%
any
76.9%
any-
76.9%
any-
76.9%
that
75.1%
that
75.1%
more.
73.9%
more.
73.9%
more.
73.9%
but
73.6%
But,
73.6%
But
73.6%
but
73.6%
but
73.6%
do
72.3%
face,
71.7%
face.
71.7%
face.
71.7%
out.
71%
out
71%
out
71%
tried
70.2%
tried
70.2%
tried
70.2%
tried.
70.2%
couldn't
69.5%
couldn't
69.5%
couldn't
69.5%
couldn't
69.5%
what
69.2%
what
69.2%
all
69.2%
All
69.2%
All
69.2%
heart,
69.1%
heart;
69.1%
heart,
69.1%
can
69%
can
69%
being
68.3%
being
68.3%
being
68.3%
need
67%
from
66.9%
from
66.9%
from
66.9%
from
66.9%
from
66.9%
know
66.6%
did
66.5%
mornin'
66.2%
mornin'
66.2%
never
65.4%
never
65.4%
stole
64.6%
stole
64.6%
stole
64.6%
stole
64.6%
wish
62.8%
wish
62.8%
was
62.8%
was
62.8%
I'm
62.7%
when
62.5%
home
62.5%
home
62.5%
% Correct
home
62.5%
home
62.5%
just
62.4%
just
62.4%
that's
62.4%
that's
62.3%
was
62.2%
alone.
61.7%
alone.
61.7%
alone.
61.7%
head.
61.5%
away
61.4%
away
61.3%
away
61.3%
didn't
61%
didn't
61%
seen
59.9%
seen
59.9%
age.
59.3%
sun,
59.1%
shows
58.9%
fool
58.5%
fool
58.5%
don't
57.8%
I'd
57.8%
I'd
57.8%
keep
57.6%
jokes.
57.6%
on
57.1%
on
57.1%
hurts.
56.9%
kick
56.4%
as
56.2%
laughed
56%
bed,
56%
feel
55.5%
made
55.4%
used.
54.9%
want
54.8%
make
53.4%
you're
52.4%
hand.
52.1%
hand.
52.1%
amused,
51.9%
first
51.1%
coax.
50.8%
without.
50.8%
class
50.5%
save
49.9%
save
49.9%
led
49.1%
get
48.6%
get
48.6%
if
48.3%
playing
48.3%
living
47.8%
eyes,
47.8%
pain
47.6%
lover,
47.5%
lover;
47.5%
pool,
47.1%
led
46.7%
led
46.7%
blind
46.3%
everything.
46.1%
cue
45.2%
worry
45%
daddy's
45%
or
44.8%
or
44.8%
friend
44.4%
wreck
44.2%
wore
43.6%
'cause
43.5%
none;
43.4%
into
42.4%
helping
41.9%
mother
41.9%
needed
41.6%
lend
41.6%
steal
41.5%
turned
40.8%
rock
40.7%
anyway.
40.6%
roll
40.5%
band
40.4%
soul,
40%
leave
39%
guiding
38.4%
books
37.3%
find
35.5%
needs
35.1%
collect
33.5%
myself
32.7%
suppose
28.4%
one
27.8%
I'll
26.1%
these
24.4%
days.
23.7%

You're not logged in!

Compare scores with friends on all Sporcle quizzes.
OR
Log In

You Might Also Like...

Show Comments

Extras

Top Quizzes Today


Score Distribution

Your Account Isn't Verified!

In order to create a playlist on Sporcle, you need to verify the email address you used during registration. Go to your Sporcle Settings to finish the process.

Report this User

Report this user for behavior that violates our Community Guidelines.

Details: